| 000 | 00859nam a22002897a 4500 | ||
|---|---|---|---|
| 003 | CHAP | ||
| 005 | 20220329141333.0 | ||
| 008 | 971013s1987 r 00010 d | ||
| 010 | _a66616 | ||
| 011 | _a67588 | ||
| 035 | _a77058 | ||
| 040 | _cCHAP | ||
| 090 | _aFolleto 12090 | ||
| 110 |
_aUACH. Departamento de Trabajos de Campo Universitarios _9115896 |
||
| 245 | _aEstablezca su huerto familiar | ||
| 260 |
_aChapingo, Méx. : _bEl Departamento, _c1987 |
||
| 300 |
_a12 p. _b: ilus. |
||
| 500 | _a28-231 | ||
| 500 | _ac.2 colec. UACH-CP | ||
| 590 |
_aBATCH-UPD _b10 _c20130110 _lUCH01 _h1751 |
||
| 590 |
_aCONVERSION _b10 _c20130109 _lUCH01 _h1337 |
||
| 650 | 1 | 4 |
_aHorticultura. _956291 |
| 901 | _aBK | ||
| 942 | _cFOLL | ||
| 949 |
_aFolleto 12090 _bBC _cFOLL _d-29920 _eTS1 _i77058 _si |
||
| 949 |
_aFolleto 12090 _bBC _cUACH _d-95368 _eUACH _fc.2 _i77058 _si |
||
| 999 |
_c66616 _d66616 |
||